Swedes - Sudden Death - Statistics

General Stats
  • This quiz has been taken 599 times
    126 since last reset
  • The average score is 9 of 16
Answers on the Grid
Answers color-coded by a green-red scale on the quiz's grid according to % correct below.
Ingrid Bergman
Alfred Nobel
Edvard Munch
Zlatan Ibrahimović
Mads Mikkelsen
Zara Larsson
Björn Borg
Erling Haaland
Greta Thunberg
Roald Amundsen
Anders Celsius
Edvard Grieg
Lars von Trier
Jean Sibelius
Astrid Lindgren
Dolph Lundgren
Kimi Räikkönen
Carl Linnaeus
Knut Hamsun
PewDiePie
Magnus Carlsen
Armand Duplantis
Henrik Larsson
Niels Bohr
Ingmar Bergman
Henrik Ibsen
Freddie Ljungberg
Thor Heyerdahl
Linus Torvalds
Avicii
 
Answer Stats
Answer % Correct
Ingrid Bergman
76%
Greta Thunberg
74%
Alfred Nobel
69%
Björn Borg
66%
Zlatan Ibrahimović
65%
Zara Larsson
64%
Astrid Lindgren
60%
Avicii
56%
PewDiePie
55%
Ingmar Bergman
49%
Henrik Larsson
47%
Anders Celsius
46%
Dolph Lundgren
45%
Armand Duplantis
44%
Freddie Ljungberg
41%
Carl Linnaeus
38%
No matching quizzes found
Score Distribution
Percent of People with Each Score
Percentile by Number Answered
Your Score History
You have not taken this quiz since the last reset